Statistics for 2022 MLB Opening Day Lineups (AL West)

Click here to take the quiz!

General Stats

  • This quiz has been taken 54 times
  • The average score is 28 of 50

Answer Stats

TeamBOPOS#Player% Correct
2CF27Mike Trout
97%
33B6Anthony Rendon
94%
Houston Astros12B27José Altuve
94%
--SP17Shohei Ohtani
94%
Los Angeles Angels1DH17Shohei Ohtani
94%
33B2Alex Bregman
90%
6RF30Kyle Tucker
90%
4LF44Yordan Álvarez
87%
3SS5Corey Seager
84%
51B10Yuli Gurriel
84%
7SS3Jeremy Peña
81%
--SP59Framber Valdez
77%
61B20Jared Walsh
74%
7CF44Julio Rodríguez
74%
22B2Marcus Semien
74%
2DH23Michael Brantley
74%
9C15Martín Maldonado
68%
9SS22David Fletcher
65%
5LF7Jo Adell
65%
6CF53Adolis García
58%
8SS3J.P. Crawford
58%
4RF17Mitch Haniger
58%
Oakland Athletics12B5Tony Kemp
58%
51B30Nathaniel Lowe
55%
3C12Sean Murphy
55%
9C2Tom Murphy
55%
21B23Ty France
55%
8CF20Chas McCormick
52%
53B28Eugenio Suárez
48%
8RF16Brandon Marsh
45%
7C33Max Stassi
45%
4C18Mitchell Garver
45%
--SP38Robbie Ray
45%
3LF27Jesse Winker
42%
--SP22Jon Gray
39%
7RF56Kole Calhoun
35%
9DH4Willie Calhoun
35%
6SS17Elvis Andrus
32%
--SP47Frankie Montas
32%
6DH10Jarred Kelenic
32%
51B15Seth Brown
29%
Seattle Mariners12B26Adam Frazier
26%
9CF20Cristian Pache
26%
8RF25Stephen Piscotty
26%
4LF10Chad Pinder
23%
83B77Andy Ibáñez
19%
Texas Rangers1LF13Brad Miller
19%
42B5Matt Duffy
19%
73B1Kevin Smith
16%
2DH28Billy McKinney
10%

Score Distribution

Percentile by Number Answered

Percent of People with Each Score

Your Score History

You have not taken this quiz